| 000 | 00455ntaaa2200169 4500 | ||
|---|---|---|---|
| 003 | 01 | ||
| 005 | 20251027202757.0 | ||
| 008 | 0714s1973 ag 01 | ||
| 040 |
_aAR-BaBN _bspa _cAR-BaBN _eaacr _dRIC |
||
| 082 | _a813.0000 H39 | ||
| 100 |
_aHenry, O (William Sydney Porter) _927997 |
||
| 245 | _aPasajeros en arcadÃa y otros cuentos | ||
| 250 | _a1 ed. | ||
| 260 |
_aBuenos Aires : _bEditorial Hobbs-Sudamericana, _cc1966 |
||
| 300 | _a294 p | ||
| 942 | _cBK | ||
| 999 |
_c23090 _d23090 |
||